American Mathematical Society short course, game theory and its applications/ (Record no. 7847)
[ view plain ]
| 000 -LEADER | |
|---|---|
| fixed length control field | 00529nam a22001457a 4500 |
| 008 - FIXED-LENGTH DATA ELEMENTS--GENERAL INFORMATION | |
| fixed length control field | 211201b ||||| |||| 00| 0 eng d |
| 020 ## - INTERNATIONAL STANDARD BOOK NUMBER | |
| International Standard Book Number | 0821800256 |
| 082 ## - DEWEY DECIMAL CLASSIFICATION NUMBER | |
| Classification number | 519.3 |
| 245 ## - TITLE STATEMENT | |
| Title | American Mathematical Society short course, game theory and its applications/ |
| 260 ## - PUBLICATION, DISTRIBUTION, ETC. (IMPRINT) | |
| Place of publication, distribution, etc. | Rhode Island, |
| Name of publisher, distributor, etc. | American Mathematical Society: |
| Date of publication, distribution, etc. | 1981. |
| 300 ## - PHYSICAL DESCRIPTION | |
| Extent | viii, 125p.;ill. |
| Other physical details | Includes bibliographical references and index |
| Dimensions | 25cm. |
| 440 ## - SERIES STATEMENT/ADDED ENTRY--TITLE | |
| Title | Game theory and its applications |
| International Standard Serial Number | 01607634 |
| 650 ## - SUBJECT ADDED ENTRY--TOPICAL TERM | |
| Source of heading or term | Game theory-Congresses |
| 942 ## - ADDED ENTRY ELEMENTS (KOHA) | |
| Source of classification or shelving scheme | Dewey Decimal Classification |
| Koha item type | Book |
| Withdrawn status | Lost status | Source of classification or shelving scheme | Damaged status | Not for loan | Home library | Current library | Date acquired | Source of acquisition | Inventory number | Total Checkouts | Full call number | Barcode | Date last seen | Price effective from | Koha item type |
|---|---|---|---|---|---|---|---|---|---|---|---|---|---|---|---|
| Dewey Decimal Classification | Main Library East Wing | Main Library East Wing | 01/12/2021 | donation | 0038525 | 519.3 AME | GUL21120006 | 01/12/2021 | 01/12/2021 | Book |
